[Event "ch-FRA Blitz Online Qual"]
[Site "Europe-Chess INT"]
[Date "2020.05.16"]
[Round "15"]
[White "Varin, Timeo"]
[Black "Barbaggi, Sasha"]
[Result "1-0"]
[WhiteElo "1287"]
[BlackElo "1375"]
[WhiteFideId "45117527"]
[BlackFideId "551018780"]
[EventDate "2020.05.16"]

1. e4 e6 2. d4 d5 3. Nd2 Nf6 4. e5 Nfd7 5. Bd3 c5 6. c3 Nc6 7. Ne2 cxd4 8. cxd4
Be7 9. O-O O-O 10. Nf3 Nb6 11. Qc2 Nb4 12. Qc3 Nxd3 13. Qxd3 Nc4 14. b3 Nb6 15.
a4 Qc7 16. Bd2 f6 17. a5 Nd7 18. Nf4 fxe5 19. Nxe6 Rxf3 20. Qxf3 Qc2 21. Qc3
Qxc3 22. Bxc3 exd4 23. Nxd4 Bf6 24. Nb5 a6 25. Bxf6 Nxf6 26. Nc7 Rb8 27. Rfd1
Bg4 28. f3 Rc8 29. Nxd5 Be6 30. Nxf6+ gxf6 31. Rab1 Rc3 32. Rdc1 Rxb3 33. Rxb3
Bxb3 34. Rc7 Bd5 35. Kf2 b5 36. axb6 a5 37. b7 Bxb7 38. Rxb7 a4 39. Ra7 f5 40.
Rxa4 f4 41. Ra7 h5 42. g3 fxg3+ 43. hxg3 h4 44. gxh4 Kh8 45. Ke3 Kg8 46. Kf4 Kh8
47. Kf5 Kg8 48. Kg6 Kf8 49. h5 Ke8 50. h6 Kf8 51. h7 Ke8 52. h8=Q# 1-0

[Event "ch-FRA Blitz Online Qual"]
[Site "Europe-Chess INT"]
[Date "2020.05.16"]
[Round "15"]
[White "Gombrowicz, Renaud"]
[Black "Rieger, Lylian"]
[Result "1-0"]
[WhiteElo "1343"]
[BlackElo "1148"]
[WhiteFideId "651019760"]
[BlackFideId "551000105"]
[EventDate "2020.05.16"]

1. e4 e5 2. Nf3 Nc6 3. Bb5 a6 4. Ba4 b5 5. Bb3 Nf6 6. d3 Bc5 7. O-O d6 8. c3 O-O
9. h3 Be6 10. Bc2 b4 11. d4 exd4 12. cxd4 Bb6 13. d5 Bxh3 14. dxc6 Bg4 15. Nbd2
Qe7 16. Re1 Qe6 17. Nf1 Qc4 18. b3 Qxc6 19. Be3 Nxe4 20. Bxb6 Nc3 21. Qd3 g6 22.
Be3 Bxf3 23. gxf3 Qxf3 24. Ng3 Rfe8 25. Bh6 Re5 26. Rxe5 dxe5 27. Re1 Qxd3 28.
Bxd3 Re8 29. Bc4 Nxa2 30. Ne4 Nc3 31. Nf6+ Kh8 32. Nxe8 a5 33. Nxc7 f6 34. Nb5
Ne4 35. Be3 f5 36. Bb6 h6 37. Bxa5 Kh7 38. Bxb4 g5 39. Nc3 Kg6 40. Ne2 g4 41.
Bd5 Ng5 42. Bc3 Nh3+ 43. Kh2 e4 44. b4 Kg5 45. b5 Nxf2 46. Kg2 Nh3 47. Bd2+ Kh5
48. b6 Kh4 49. b7 h5 50. b8=Q g3 51. Qxg3# 1-0

[Event "ch-FRA Blitz Online Qual"]
[Site "Europe-Chess INT"]
[Date "2020.05.16"]
[Round "15"]
[White "Mirguet, Vladislav"]
[Black "Flores, Christophe"]
[Result "0-1"]
[WhiteElo "1073"]
[BlackElo "1332"]
[WhiteFideId "45136432"]
[BlackFideId "45163758"]
[EventDate "2020.05.16"]

1. d4 Nf6 2. c4 g6 3. Nc3 Bg7 4. Bg5 O-O 5. e3 d6 6. Nf3 Nbd7 7. Bd3 e5 8. Bxf6
Bxf6 9. O-O Re8 10. Nd5 Bg7 11. g3 c6 12. Nc3 Nf6 13. Ne4 Nxe4 14. Bxe4 f5 15.
Bd3 e4 16. Bxe4 fxe4 17. Nd2 d5 18. c5 Bh3 19. Re1 Qf6 20. Qb3 Re7 21. Qd1 Rf7
22. Re2 Bg4 23. f3 Bxf3 24. Nxf3 exf3 25. Rf2 Raf8 26. Qa4 Bh6 27. Re1 Re8 28.
Qxa7 Bxe3 29. Rxe3 Rxe3 30. Qb8+ Kg7 31. b3 Re1+ 32. Rf1 Qxd4+ 33. Kh1 Rxf1# 0-1

[Event "ch-FRA Blitz Online Qual"]
[Site "Europe-Chess INT"]
[Date "2020.05.16"]
[Round "15"]
[White "Chen, Zhiyue Dashan"]
[Black "Langer, Franck"]
[Result "0-1"]
[WhiteElo "1119"]
[BlackElo "1327"]
[WhiteFideId "551034930"]
[BlackFideId "45175063"]
[EventDate "2020.05.16"]

1. e4 c5 2. Nf3 e6 3. d4 cxd4 4. Nxd4 Nf6 5. Nc3 d6 6. Bc4 Nc6 7. Nf3 Be7 8. Bf4
O-O 9. O-O a6 10. a4 Bd7 11. Qe2 Qc7 12. Rad1 e5 13. Bg3 Nh5 14. Kh1 Nxg3+ 15.
fxg3 Kh8 16. Bd5 f5 17. Bb3 fxe4 18. Nxe4 Bf5 19. Nc3 Rad8 20. Bd5 Bg4 21. h3
Bh5 22. Bb3 Nd4 23. Qd3 Nxf3 24. gxf3 Rf6 25. Qe3 Rdf8 26. Ne4 Rxf3 27. Rxf3
Bxf3+ 28. Kh2 Bxe4 29. Qxe4 Qb6 30. Rg1 Qf2+ 31. Qg2 Qxg2+ 32. Rxg2 Rf1 33. c3
Bf6 34. Rd2 Re1 35. Rxd6 h6 36. Re6 Kh7 37. Kg2 Re2+ 38. Kf3 Rxb2 39. Bd5 Kg6
40. g4 Kg5 41. Kg3 Rc2 42. Kf3 Rxc3+ 43. Kg2 Rd3 44. Kf2 Rxd5 45. Kg2 Ra5 46.
Kf3 Rxa4 47. Kg3 Kg6 48. h4 Kf7 49. Rd6 e4 50. Rd8 Bxd8 51. Kf4 Bc7+ 52. Ke3
Bb6+ 53. Ke2 e3 54. g5 hxg5 55. hxg5 Kg6 56. Ke1 Kxg5 57. Ke2 Kg4 58. Ke1 Kg3
59. Ke2 Kg2 60. Ke1 Ra2 61. Kd1 e2+ 62. Ke1 Ba5# 0-1

[Event "ch-FRA Blitz Online Qual"]
[Site "Europe-Chess INT"]
[Date "2020.05.16"]
[Round "15"]
[White "Porchel, Baptiste"]
[Black "Krajewski, Thomas"]
[Result "1-0"]
[WhiteElo "1104"]
[BlackElo "1273"]
[WhiteFideId "45193037"]
[BlackFideId "45103429"]
[EventDate "2020.05.16"]

1. e4 d5 2. exd5 Qxd5 3. Nc3 Qd8 4. Bc4 Nf6 5. Nf3 Bf5 6. d4 e6 7. O-O Be7 8. h3
O-O 9. Bg5 c6 10. Re1 Nbd7 11. Bd3 Bg6 12. Bxg6 hxg6 13. Qd3 Nd5 14. Bxe7 Nxe7
15. Qe4 Nf6 16. Qh4 Ned5 17. Ng5 Nxc3 18. bxc3 Re8 19. Re3 Kf8 20. Qh8+ Ke7 21.
Qxg7 Rh8 22. Qxf7+ Kd6 23. Rxe6+ Kd5 24. Rxf6# 1-0

[Event "ch-FRA Blitz Online Qual"]
[Site "Europe-Chess INT"]
[Date "2020.05.16"]
[Round "15"]
[White "Bachy, Louis"]
[Black "Manvieu, Paul"]
[Result "1-0"]
[WhiteElo "1264"]
[BlackElo "1018"]
[WhiteFideId "45161178"]
[BlackFideId "651000482"]
[EventDate "2020.05.16"]

1. e4 e6 2. d4 d5 3. e5 c5 4. c3 Qb6 5. Nf3 Nc6 6. Bd3 f6 7. O-O Bd7 8. Bc2 fxe5
9. Nxe5 Nxe5 10. dxe5 g6 11. Bg5 Bg7 12. Qc1 h6 13. Bf4 g5 14. Bg3 O-O-O 15. Nd2
Qc7 16. Re1 Ne7 17. a3 Kb8 18. b4 c4 19. Nf3 Nc6 20. Nd4 Nxe5 21. Qe3 Kc8 22.
Bxe5 Bxe5 23. Qxe5 Qxe5 24. Rxe5 Rdf8 25. Rae1 Rf6 26. Nxe6 Bxe6 27. Rxe6 Rf4
28. Re8+ Rxe8 29. Rxe8+ Kd7 30. Rh8 Rf6 31. Rh7+ Kc6 32. Re7 Kd6 33. Rxb7 Re6
34. Kf1 Ke5 35. Rxa7 Kf4 36. g3+ Kg4 37. h3+ Kxh3 38. Bf5+ Kh2 39. Bxe6 h5 40.
Bxd5 Kh3 41. Rh7 h4 42. gxh4 gxh4 43. Rxh4+ Kxh4 44. Bxc4 Kg5 45. Ke2 Kf6 46.
Kd3 Ke7 47. Ke4 Kd7 48. Kd5 Kc7 49. f4 Kb6 50. a4 Kb7 51. f5 Kb6 52. f6 Kc7 53.
f7 Kb6 54. f8=Q Kb7 55. Qe7+ Kb6 56. Qd8+ Kb7 57. Qd7+ Kb6 58. a5# 1-0

[Event "ch-FRA Blitz Online Qual"]
[Site "Europe-Chess INT"]
[Date "2020.05.16"]
[Round "15"]
[White "Vidoni, Salma"]
[Black "Negre, Emilie"]
[Result "1-0"]
[WhiteElo "1309"]
[BlackElo "1438"]
[WhiteFideId "45107556"]
[BlackFideId "45187223"]
[EventDate "2020.05.16"]

1. d4 Nf6 2. Nf3 e6 3. Bf4 d5 4. e3 Bd6 5. Ne5 b6 6. Nd2 a5 7. c3 Ba6 8. Be2
Bxe2 9. Qxe2 Nbd7 10. Ndf3 Ne4 11. O-O O-O 12. h3 f6 13. Nxd7 Qxd7 14. Bg3 Nxg3
15. fxg3 Bxg3 16. e4 dxe4 17. Qxe4 Qd5 18. Qg4 Bd6 19. Rae1 Rfe8 20. Re4 f5 21.
Qh4 fxe4 22. Ng5 h6 23. Nxe4 Be7 24. Qg4 Rf8 25. Re1 Rae8 26. Ng3 Bf6 27. Nh5
Qd8 28. Rf1 Re7 29. Nxf6+ Rxf6 30. Rxf6 Rf7 31. Rxh6 Kf8 32. Rh8+ Ke7 33. Rxd8
Kxd8 34. Qxe6 1-0

[Event "ch-FRA Blitz Online Qual"]
[Site "Europe-Chess INT"]
[Date "2020.05.16"]
[Round "15"]
[White "Serieys, Philippe"]
[Black "Fischler, Ines"]
[Result "0-1"]
[WhiteElo "1210"]
[BlackElo "1129"]
[WhiteFideId "36092576"]
[BlackFideId "551033658"]
[EventDate "2020.05.16"]

1. e4 e5 2. Nf3 Nc6 3. Bc4 Bc5 4. d3 Nf6 5. O-O d6 6. Nbd2 Bg4 7. h3 Bh5 8. c3
O-O 9. Qc2 h6 10. Ne1 Qd7 11. Kh1 Rfe8 12. f4 exf4 13. Rxf4 Be3 14. Rf1 Bxd2 15.
Qxd2 Re5 16. Qf4 Bg6 17. Nf3 Re7 18. Nh4 Bh5 19. Nf5 Re5 20. Qg3 Bg6 21. Nh4 Bh5
22. Rxf6 Qe7 23. Rf4 Rg5 24. Qf3 Bxf3 25. Nf5 Qf6 26. gxf3 Qg6 27. Bb5 Rg1+ 28.
Kh2 Qg2# 0-1

[Event "ch-FRA Blitz Online Qual"]
[Site "Europe-Chess INT"]
[Date "2020.05.16"]
[Round "15"]
[White "Ngomane, Max"]
[Black "Gheorghin, Felix"]
[Result "0-1"]
[WhiteElo "1278"]
[BlackElo "1310"]
[WhiteFideId "651049791"]
[BlackFideId "651027240"]
[EventDate "2020.05.16"]

1. d4 d5 2. c4 c6 3. Nf3 Nf6 4. e3 Nbd7 5. Nc3 e6 6. cxd5 exd5 7. Bd3 Bb4 8. O-O
O-O 9. a3 Ba5 10. b4 Bc7 11. Re1 Re8 12. e4 dxe4 13. Nxe4 Nxe4 14. Bxe4 Nf6 15.
Bg5 h6 16. Bxf6 Qxf6 17. Bh7+ Kf8 18. Rxe8+ Kxe8 19. Qe2+ Kf8 20. Re1 Bg4 21.
Be4 Re8 22. Qd3 Bxf3 23. gxf3 Qh4 24. d5 Qxh2+ 25. Kf1 Bb6 26. Re2 Qh1# 0-1

[Event "ch-FRA Blitz Online Qual"]
[Site "Europe-Chess INT"]
[Date "2020.05.16"]
[Round "15"]
[White "Nomel, Mathis"]
[Black "Langer, Karele"]
[Result "1-0"]
[WhiteElo "1262"]
[BlackElo "1282"]
[WhiteFideId "36054399"]
[BlackFideId "551017938"]
[EventDate "2020.05.16"]

1. e4 c5 2. Nf3 e6 3. d4 cxd4 4. Nxd4 d6 5. Nc3 Nc6 6. Bb5 Bd7 7. Be2 Nxd4 8.
Qxd4 Nf6 9. O-O Be7 10. Bg5 O-O 11. Rad1 Rc8 12. e5 dxe5 13. Qxe5 Rc5 14. Qe3
Qc7 15. Bf4 Qc8 16. Bd6 Bxd6 17. Rxd6 Qc7 18. Rfd1 Rd8 19. h3 Ne8 20. R6d2 Nf6
21. Bf3 Re8 22. a3 Nd5 23. Bxd5 exd5 24. Qd4 Bc6 25. Qxc5 b6 26. Qb4 a5 27. Qb3
Qd7 28. Nxd5 Bxd5 29. Qxd5 Qxd5 30. Rxd5 h6 31. Rd8 Rxd8 32. Rxd8+ Kh7 33. Rd7
f6 34. Rd6 b5 35. Rb6 b4 36. axb4 axb4 37. Rxb4 Kg6 38. Rd4 Kf5 39. c3 Ke5 40.
b4 g5 41. b5 g4 42. hxg4 f5 43. b6 fxg4 44. Rxg4 Kd6 45. Rc4 h5 46. b7 Kd5 47.
Rh4 Kc6 48. b8=R Kd6 49. Rxh5 Kc6 50. Rg8 Kd7 51. Rg6 Ke7 52. Rh7+ Kf8 53. Ra6
Kg8 54. Rb7 Kf8 55. Ra8# 1-0

[Event "ch-FRA Blitz Online Qual"]
[Site "Europe-Chess INT"]
[Date "2020.05.16"]
[Round "15"]
[White "Remtoula, Naushad"]
[Black "Cherfils, Richard"]
[Result "1/2-1/2"]
[WhiteElo "1126"]
[BlackElo "1356"]
[WhiteFideId "551060019"]
[BlackFideId "36072362"]
[EventDate "2020.05.16"]

1. c4 Nf6 2. Nc3 e6 3. g3 b6 4. Bg2 Nc6 5. e4 d6 6. Nge2 Bb7 7. d3 Be7 8. O-O
O-O 9. f4 e5 10. fxe5 dxe5 11. Nd5 Nxd5 12. exd5 Nd4 13. Nxd4 exd4 14. Be4 c5
15. Qh5 g6 16. Qh6 Bxd5 17. cxd5 Bf6 18. h4 Bg7 19. Qf4 f5 20. Bxf5 Rxf5 21. Qg4
Rxf1+ 22. Kxf1 Qf6+ 23. Kg2 Rf8 24. Bg5 Qf2+ 25. Kh3 Be5 26. Qe6+ Rf7 27. Qe8+
Rf8 28. Qe6+ Rf7 29. Qe8+ Rf8 30. Qe6+ 1/2-1/2

[Event "ch-FRA Blitz Online Qual"]
[Site "Europe-Chess INT"]
[Date "2020.05.16"]
[Round "15"]
[White "Frazao, Pascal"]
[Black "Pineau, Patrick"]
[Result "0-1"]
[WhiteElo "1165"]
[BlackElo "1349"]
[WhiteFideId "45127557"]
[BlackFideId "20673329"]
[EventDate "2020.05.16"]

1. d4 c5 2. e3 e6 3. Nf3 cxd4 4. Nxd4 Nf6 5. Nf3 g6 6. Bb5 Nc6 7. Bxc6 bxc6 8.
O-O Bg7 9. c3 d5 10. Nbd2 O-O 11. Ne5 Ne4 12. Nxc6 Qc7 13. Ne5 Qxe5 14. Nxe4
Qxe4 15. b4 Bb7 16. a4 Bxc3 17. Ra2 d4 18. Bd2 Qxg2# 0-1

[Event "ch-FRA Blitz Online Qual"]
[Site "Europe-Chess INT"]
[Date "2020.05.16"]
[Round "15"]
[White "Rieger, Emmanuel"]
[Black "Zanin, Sylvie"]
[Result "0-1"]
[WhiteElo "1306"]
[BlackElo "1001"]
[WhiteFideId "551000091"]
[BlackFideId "45115532"]
[EventDate "2020.05.16"]

1. e4 e5 2. c3 Nc6 3. d4 Nf6 4. d5 Ne7 5. Nd2 d6 6. c4 g6 7. f3 Bd7 8. b3 c6 9.
Ba3 c5 10. b4 b6 11. bxc5 bxc5 12. Bd3 Qa5 13. Qb3 Bh6 14. Qb2 Bxd2+ 15. Ke2 Bc3
16. Qc1 Bxa1 17. Bb2 Bxb2 18. Qxb2 O-O 19. Nh3 Rab8 20. Qc2 Qa3 21. Rb1 Rxb1 22.
Qxb1 Bxh3 23. gxh3 Nh5 24. Qg1 Nf4+ 25. Kf2 Qxa2+ 26. Kg3 Nxd3 27. Kh4 Qxc4 28.
Qg5 Nf4 29. Qxe7 Qf1 30. Qxd6 Qxf3 31. Qxe5 Qxh3+ 32. Kg5 h6+ 33. Kxf4 g5+ 34.
Qxg5+ hxg5+ 35. Kxg5 Qxh2 36. e5 Re8 37. Kf6 Qxe5# 0-1